[Event "Hallstahammar op"]
[Site "Hallstahammar"]
[Date "2004.09.12"]
[Round "7"]
[White "Morsare, Knut"]
[Black "Olsson, Jorgen"]
[Result "0-1"]
[WhiteElo "1559"]
[BlackElo "1419"]
[PlyCount "80"]
[EventDate "2004.09.10"]
[EventType "swiss"]
[EventRounds "8"]
[EventCountry "SWE"]
[SourceTitle "EXT 2005"]
[Source "ChessBase"]
[SourceDate "2004.11.15"]
[SourceVersion "1"]
[SourceVersionDate "2004.11.15"]
[SourceQuality "1"]

1. c4 b6 2. Nc3 Bb7 3. e4 e6 4. a3 c5 5. Nf3 Nc6 6. d3 g6 7. Be2 a6 8. Bf4 Bg7 9. 0-0 e5 10. Be3 Nge7 11. Rb1 0-0 12. b4 cxb4 13. axb4 f5 14. Na4 Nd4 15. Bg5 fxe4 16. Nxd4 exd4 17. Nxb6 Qxb6 18. Bxe7 Rf7 19. Bc5 Qc6 20. dxe4 Qxe4 21. Bf3 Rxf3 22. Qxf3 Qxf3 23. gxf3 Bxf3 24. Rfe1 d3 25. Re3 Bg4 26. b5 d2 27. b6 d1Q+ 28. Rxd1 Bxd1 29. Rd3 Ba4 30. Bd6 Bc6 31. Rb3 Re8 32. Rb1 Bb7 33. Kf1 Re4 34. Rc1 Bf8 35. Rd1 Bc6 36. Bxf8 Kxf8 37. b7 Re8 38. Rd6 Rb8 39. Rf6+ Ke7 40. Rf4 Rxb7 0-1